| 000 | 00675nam a22001457a 4500 | ||
|---|---|---|---|
| 008 | 131021t mx||||| |||| 00| 0 spa d | ||
| 050 | 0 | 4 |
_aKGF207 .A15 _bA63 1964 |
| 245 | 0 | 0 |
_aBoletín del colegio de abogados de Apatzingán _c/ Colegio de abogados de Apatzingán |
| 260 |
_aApatzigán de la Constitución, Michoacán de Ocampo, México : _b[s.n.],| _c1964. |
||
| 300 |
_a21 p. ; _c27 cm. |
||
| 610 | 2 |
_aColegio de Abogados de Apatzigán, Michoacán de Ocampo, México _xBoletín |
|
| 650 | 7 |
_2LEMB _aLeyes y legislación _xBoletín _zApatzingán de la Constitución, Michoacán de Ocampo, México |
|
| 700 | 1 |
_aSanchez Perez, Daniel, _c[Lic.] _eDirector |
|
| 942 |
_2lcc _cLIB |
||
| 999 |
_c43521 _d43521 |
||